Great Literature #12 - Statistics

General Stats
  • This quiz has been taken 275 times
  • The average score is 9 of 20
Answer Stats
Hint Answer % Correct
The Lion, the Witch and the Wardrobe C. S. Lewis
93%
A Brief History of Time Stephen Hawking
86%
Doctor Zhivago Boris Pasternak
79%
The Remains of the Day Kazuo Ishiguro
63%
The Prime of Miss Jean Brodie Muriel Spark
50%
Night Elie Wiesel
48%
Moveable Feast Ernest Hemingway
46%
The Autobiography of Alice B. Toklas Gertrude Stein
44%
A Tree Grows in Brooklyn Betty Smith
41%
The Ambassadors Henry James
41%
Philosophical Investigations Ludwig Wittgenstein
41%
Pedro Paramo Juan Rulfo
37%
The Origins of Totalitarianism Hannah Arendt
31%
The Affluent Society John Kenneth Galbraith
26%
Parallel Lives Plutarch
26%
Lost Illusions Honoré de Balzac
23%
Orthodoxy G. K. Chesterton
20%
Confessions of Zeno Italo Svevo
20%
Austerlitz W. G. Sebald
19%
Mythology Edith Hamilton
18%
No matching quizzes found
Score Distribution
Percent of People with Each Score
Percentile by Number Answered
Your Score History
You have not taken this quiz